De necessario scientiarum omnium foedere oratio quam in solemni Studiorum Academiae Barcinonensis inauguratione protulit / (Record no. 168042)

MARC details
000 -LEADER
campo de control de longitud fija 01150nam a22002415i 4500
001 - NÚMERO DE CONTROL
campo de control 168042
003 - IDENTIFICADOR DE NÚMERO DE CONTROL
campo de control ES-MaACL
005 - FECHA Y HORA DE LA ÚLTIMA TRANSACCIÓN
campo de control 20250920063109.0
008 - DATOS DE LONGITUD FIJA--INFORMACIÓN GENERAL
campo de control de longitud fija 991015s1842 sp |||| | spa d
080 ## - NÚMERO DE LA CLASIFICACIÓN DECIMAL UNIVERSAL
Número de la Clasificación Decimal Universal 378.4(460.235 B.)(073)
100 1# - ENTRADA PRINCIPAL--NOMBRE DE PERSONA
Nombre de persona Yáñez y Girona, Agustín,
Fechas asociadas al nombre 1789-1857
9 (RLIN) 134002
245 10 - MENCIÓN DEL TÍTULO
Título De necessario scientiarum omnium foedere oratio quam in solemni Studiorum Academiae Barcinonensis inauguratione protulit /
Mención de responsabilidad, etc. Augustinus Yañez et Girona.
260 ## - PUBLICACIÓN, DISTRIBUCIÓN, ETC.
Lugar de publicación, distribución, etc. Barcinone :
Nombre del editor, distribuidor, etc. [s.n.],
Fecha de publicación, distribución, etc. 1842 (
Fabricante Typis Antonii Bergnés et Sociorum)
300 ## - DESCRIPCIÓN FÍSICA
Extensión 46 p. ;
Dimensiones 23 cm.
500 ## - NOTA GENERAL
Nota general Incluye (p. 21-46) programas de diferentes asignaturas de la Universidad Literaria de Barcelona.
530 ## - NOTA DISPONIBLE DE FORMULARIO FÍSICO ADICIONAL
Nota de formato físico adicional disponible Disponible en formato digital.
546 ## - NOTA DE IDIOMA
Nota de lengua/lenguaje Texto en latín y español.
610 24 - PUNTO DE ACCESO ADICIONAL DE MATERIA--NOMBRE DE ENTIDAD CORPORATIVA
Nombre de entidad corporativa o nombre de jurisdicción como elemento de entrada Universidad de Barcelona-
Subdivisión de forma Programas de estudios.
9 (RLIN) 143741
710 2# - ENTRADA AGREGADA--NOMBRE DE ENTIDAD CORPORATIVA
Nombre de entidad corporativa o nombre de jurisdicción como elemento de entrada Universidad Literaria de Barcelona.
9 (RLIN) 170031
852 4# - LOCALIZACIÓN
Ubicación ES-MaACL
Número de control de estantería T-18-F-4
Nota libre - Enc. hol., falto de cub. original
-- - Enc. en un vol. facticio
856 4# - LOCALIZACIÓN Y ACCESO ELECTRÓNICOS
Identificador Uniforme de Recursos <a href="http://hdl.handle.net/2445/3262 ">http://hdl.handle.net/2445/3262 </a>
Nota pública Dipòsit Digital de la Universitat de Barcelona
Holdings
Estatus retirado Estado de pérdida Estado de daño No para préstamo Colección Biblioteca de origen Biblioteca actual Ubicación en estantería Fecha de adquisición Total de préstamos Signatura topográfica completa Código de barras Visto por última vez Precio de reemplazo Tipo de ítem Koha
        Colección de folletos Biblioteca del Ateneo de Madrid Biblioteca del Ateneo de Madrid Depósito folletos 17/01/2008   T-18-F-4 1176295 23/02/2023 23/02/2023 Folleto